Hiragana characters - Statistics

Estatísticas Gerais
  • Esse quiz foi jogado 105 vezes
  • A pontuação média é 35 de 46
Estatísticas das Respostas
Hint Resposta % Correto
I
100%
N
100%
Ni
100%
A
89%
E
89%
Ka
89%
Ki
89%
Mi
89%
No
89%
Ta
89%
Te
89%
To
89%
Ke
78%
Ku
78%
Ma
78%
Mo
78%
Mu
78%
Ne
78%
Nu
78%
O
78%
Ra
78%
Sa
78%
Se
78%
So
78%
Su
78%
Tsu
78%
U
78%
Wa
78%
Ya
78%
Ha
67%
He
67%
Ko
67%
Na
67%
Re
67%
Ro
67%
Ru
67%
Shi
67%
Wo
67%
Yo
67%
Yu
67%
Chi
56%
Fu
56%
Hi
56%
Ri
56%
Me
44%
Ho
33%
Nenhum quiz correspondente encontrado
Distribuição das Pontuações
Porcentagem de Pessoas com Cada Pontuação
Percentil de Números Respondidos
Sua Pontuação Histórica
Você não jogou esse quiz